The expectations of project managers from artificial intelligence: A Delphi study (Record no. 522130)

000 -LEADER
fixed length control field 01228nam a22001577a 4500
008 - FIXED-LENGTH DATA ELEMENTS--GENERAL INFORMATION
fixed length control field 230313b ||||| |||| 00| 0 eng d
100 ## - MAIN ENTRY--PERSONAL NAME
Personal name Holzmann, V. Zitter, D. and Peshkess, S.
245 ## - TITLE STATEMENT
Title The expectations of project managers from artificial intelligence: A Delphi study
260 ## - PUBLICATION, DISTRIBUTION, ETC. (IMPRINT)
Place of publication, distribution, etc Project Management Journal
300 ## - PHYSICAL DESCRIPTION
Extent 53(5), Oct, 2022: p.438-455
520 ## - SUMMARY, ETC.
Summary, etc Artificial intelligence (AI) technologies are rapidly developing these days and are expected to impact the field of project management on multiple levels; however, there remains a high level of uncertainty regarding the effect that AI might have on project management practices. This article aims to address this topic based on a Delphi study with a panel of 52 project management experts who reflected on future potential AI applications for the project management Knowledge Areas. The article provides a visionary perspective that can be further translated into practical solutions in the near and far future to improve project management practices.- Reproduced
650 ## - SUBJECT ADDED ENTRY--TOPICAL TERM
Topical term or geographic name as entry element Artificial intelligence, project management, Delphi study.
9 (RLIN) 36818
773 ## - HOST ITEM ENTRY
Main entry heading Project Management Journal
906 ## - LOCAL DATA ELEMENT F, LDF (RLIN)
Subject DIP ARTIFICIAL INTELLIGENCE
942 ## - ADDED ENTRY ELEMENTS (KOHA)
Item type Articles
Holdings
Withdrawn status Lost status Source of classification or shelving scheme Damaged status Not for loan Permanent location Current location Date acquired Serial Enumeration / chronology Barcode Date last seen Koha item type
          Indian Institute of Public Administration Indian Institute of Public Administration 2023-03-13 53(5), Oct, 2022: p.438-455 AR128378 2023-03-13 Articles

Powered by Koha